Online Catalogue and eLibrary

Kanthawa nivahal kirimata nam (Record no. 1909)

MARC details
000 -LEADER
fixed length control field 00355nam a2200145Ia 4500
005 - DATE AND TIME OF LATEST TRANSACTION
control field 20250617012239.0
008 - FIXED-LENGTH DATA ELEMENTS--GENERAL INFORMATION
fixed length control field 240331s9999 xx 000 0 und d
082 ## - DDC Classification
Item Number - Author Mark GAN
Class No. 305
100 ## - MAIN ENTRY--PERSONAL NAME
Personal name Ganeshalingham, S
245 #0 - TITLE STATEMENT
Title Kanthawa nivahal kirimata nam
260 ## - PUBLICATION, DISTRIBUTION, ETC.
Place of publication, distribution, etc. Colombo
Name of publisher, distributor, etc. Kumaran Publishers
Date of publication, distribution, etc. 1991
300 ## - PHYSICAL DESCRIPTION
Extent (e.g. Volumes, Pages etc.) 108 p .,
650 ## - SUBJECT ADDED ENTRY--TOPICAL TERM
Topical term or geographic name entry element Women
942 ## - Koha item type (Biblio)
Koha item type Books in Stacks (Lending)
Holdings
Lost status Damaged status Collection code Home library Current library Shelving location Date acquired Full call number Accession Number Item type
    Lending WERC Library WERC Library Social Science Cupboard 03/31/2024 305.42 GAN 3458 Books in Stacks (Lending)

© WERC Library